000
00370nam a2200145Ia 4500
008
231129s1993||||xx |||||||||||||| ||spa||
020
_a
950-99574-2-9
040
_b
spa
082
_a
294.54 ó82n
100
_a
Osho
245
0
_a
El nuevo niño
260
_c
1993
264
_a
Buenos Aires Argentina : Mutar
942
_2
ddc
_c
BKS
999
_c
11886
_d
11886